| 000 | 01283nam a2200337Ia 4500 | ||
|---|---|---|---|
| 001 | ebr10245841 | ||
| 003 | CaPaEBR | ||
| 006 | m u | ||
| 007 | cr cn||||||||| | ||
| 008 | 990311s1999 enka sb 001 0 eng d | ||
| 010 | _z 99182817 | ||
| 020 | _z9780340676493 | ||
| 020 | _z0340676493 | ||
| 020 | _z0470236299 | ||
| 040 |
_aCaPaEBR _cCaPaEBR |
||
| 035 | _a(OCoLC)646761293 | ||
| 050 | 1 | 4 |
_aQA901 _b.N35 1999eb |
| 082 | 0 | 4 |
_a620.1/06 _221 |
| 100 | 1 |
_aNakayama, Y. _q(Yasuki), _d1916- |
|
| 245 | 1 | 0 |
_aIntroduction to fluid mechanics _h[electronic resource] / _cY. Nakayama ; UK editor, R.F. Boucher. |
| 260 |
_aLondon : _bArnold ; _aNew York : _bJ. Wiley & Sons, _cc1999. |
||
| 300 |
_axii, 308 p. : _bill. (some col.) |
||
| 504 | _aIncludes bibliographical references and index. | ||
| 533 |
_aElectronic reproduction. _bPalo Alto, Calif. : _cebrary, _d2009. _nAvailable via World Wide Web. _nAccess may be limited to ebrary affiliated libraries. |
||
| 650 | 0 | _aFluid mechanics. | |
| 650 | 0 | _aContinuum mechanics. | |
| 655 | 7 |
_aElectronic books. _2local |
|
| 700 | 1 |
_aBoucher, R. F. _q(Robert F.) |
|
| 710 | 2 | _aebrary, Inc. | |
| 856 | 4 | 0 |
_uhttp://site.ebrary.com/lib/rucke/Doc?id=10245841 _zAn electronic book accessible through the World Wide Web; click to view |
| 999 |
_c35638 _d35638 |
||